Statistics for History of Ohio

Click here to take the quiz!

General Stats

  • This quiz has been taken 6,047 times
  • The average score is 14 of 21

Answer Stats

QuestionAnswer% Correct
What was invented by the Wright Brothers of Dayton, Ohio?The Airplane
98%
What Ohio native was the first person to walk on the moon?Neil Armstrong
96%
What was the first European country to settle in Ohio?France
83%
The heaviest PresidentWilliam Howard Taft
75%
What inventor was born in Milan, Ohio in 1847?Thomas Edison
74%
What Akron native led the Cleveland Cavaliers to their first NBA championship in 2016?LeBron James
72%
Four star general PresidentUlysses S. Grant
70%
What famous anti-slavery novel was written by Ohio resident Harriet Beecher Stowe?Uncle Tom's Cabin
70%
At what University were four Vietnam War protestors killed in 1970?Kent State
69%
What Cleveland oil baron was the first person to have a net worth of a billion dollars?John D. Rockefeller
68%
What city was known as "Porkopolis" in the 1800s due to its meat processing industry?Cincinnati
67%
What Ohio native was the first American to orbit the Earth?John Glenn
67%
President assassinated by an anarchistWilliam McKinley
65%
President assassinated by an office seekerJames A. Garfield
61%
What crazy thing happened to the Cuyahoga river in Cleveland in 1969?It Caught Fire
60%
Grandson of a PresidentBenjamin Harrison
57%
What peace accords were signed in Ohio in 1995 - ending the Bosnian War?{Dayton} Accords
54%
What type of music was popularized by Cleveland DJ Alan Freed?Rock & Roll
52%
Teapot Dome PresidentWarren Harding
46%
President who ended ReconstructionRutherford B. Hayes
42%
What was the nation's first co-ed college and also the first to admit people of all races?Oberlin
30%

Score Distribution

Percentile by Number Answered

Percent of People with Each Score

Your Score History

You have not taken this quiz